000 00463nam a22001937a 4500
005 20260603124429.0
008 260603b |||||||| |||| 00| 0 eng d
020 _a9789353433123
_c770.00
040 _aMAIN
041 _aEnglish
082 _a621.3
_bVAL
100 _aValkenburg, M. E. Van
_922693
245 _aNetwork Analysis
250 _a3rd
260 _aNoida
_bPearson
_c2025
300 _a703
650 _aPhysics (PM USHA
_926699
942 _cBK
999 _c60972
_d60972